Famous Jewish People - Statistics

General Stats
  • This quiz has been taken 39,407 times
    2,217 since last reset
  • The average score is 12 of 20
Answer Stats
Clue Answer % Correct
He discovered relativity Albert Einstein
98%
She kept a diary while hiding in an Amsterdam attic Anne Frank
98%
Founder of Facebook Mark Zuckerberg
96%
Author of the "Communist Manifesto" Karl Marx
95%
Founder of psychoanalysis Sigmund Freud
94%
Director of "Schindler's List" Steven Spielberg
85%
Soviet leader who was assassinated with an ice axe in Mexico City Leon Trotsky
73%
Born in the Frankfurt ghetto in 1743, he founded a banking dynasty Mayer Rothschild
71%
Folk singer born Robert Zimmerman who converted to Christianity (but it didn't stick) Bob Dylan
65%
Prime Minister of the United Kingdom in the 19th century Benjamin Disraeli
64%
American chess hero who denied being Jewish Bobby Fischer
60%
The first Prime Minister of Israel David Ben-Gurion
59%
She converted to marry playwright Arthur Miller Marilyn Monroe
56%
African-American member of the "Rat Pack" Sammy Davis, Jr.
51%
Peace Prize winner assassinated in 1995 Yitzhak Rabin
46%
Singer of "The Chanukah Song" Adam Sandler
38%
Dodgers pitcher who won the Cy Young in 1963, 1965, and 1966 Sandy Koufax
29%
The first Jewish U.S. Supreme Court justice, namesake of a university near Boston Louis Brandeis
21%
Rabbi who asked "if not now, when?" Hillel
15%
Mafia kingpin who fixed the 1919 World Series Arnold Rothstein
14%
No matching quizzes found
Score Distribution
Percent of People with Each Score
Percentile by Number Answered
Your Score History
You have not taken this quiz since the last reset